000 00866nam a2200241 4500
003 OSt
005 20260601193902.0
008 260508b2002 sp ||||| |||| 00| 0 spa d
040 _aICI
_bspa
_cICI
_erda
050 0 _aNK2562
_b.A43 2002
110 2 _aAmat-3 (Empresa)
_934105
245 1 _aa3 de Amat-3 /
_c Amat-3.
264 _aMartorell, Barcelona :
_bAmat-3
_c2002.
300 _a1 volumen (sin paginar) :
_bilustraciones (color) ;
336 _2rdacontent
_atexto
337 _2rdamedia
_asin medio
338 _2rdacarrier
_avolumen
500 _aCatálogo conmemorativo y comercial que presenta la evolución del diseño de mobiliario de la firma española Amat-3.
610 2 _aAmat-3 (Empresa)
_v Catálogos.
_934106
650 _aMuebles modernos
_v Catálogos.
_z España
_934107
650 _aDiseño de muebles
_zEspaña.
_934108
942 _2lcc
_n1
_cB
999 _c22295
_d22295